000
00340nam a2200145Ia 4500
008
150201s2005 xx 000 0 und d
082
_a
616.07
_b
P05C
100
_a
CHAUDHARY, K.
245
2
_a
A GUIDE TO PATHOLOGY
250
_a
8TH
260
_b
JAYPEE BROTHERS
_a
DELHI
_c
2005
300
_a
1-310
650
_a
PATHOLOGY
942
_2
ddc
_c
BK
_0
3
999
_c
132
_d
132